[Event "Doroshkevich Mem"]
[Site "Belorechensk RUS"]
[Date "2007.05.30"]
[Round "2"]
[White "Panarin,M"]
[Black "Dashko,A"]
[Result "1/2-1/2"]
[WhiteElo "2528"]
[BlackElo "2359"]

1.e4 c5 2.Nf3 e6 3.d4 cxd4 4.Nxd4 Nc6 5.Nc3 Qc7 6.Be2 Nf6 7.O-O a6 8.Kh1 Be7
9.f4 d6 10.a4 O-O 11.Be3 Bd7 12.Nb3 b6 13.Bf3 Rab8 14.g4 Na5 15.g5 Ne8 16.Nxa5 bxa5
17.Rb1 g6 18.Qd3 Qb7 19.f5 Bc6 20.f6 Bd8 21.b3 Bb6 22.Nd1 d5 23.exd5 exd5
24.Bxb6 Qxb6 25.Ne3 Nc7 26.Nxd5 Nxd5 27.Bxd5 Bxd5+ 28.Qxd5 Rfd8 29.Qg2 Qc5
30.Rbd1 h6 31.gxh6 Kh7 32.Rde1 Rd7 33.Re2 Rbd8 34.Qf2 Rd4 35.Re7 Kxh6 36.Qf3 g5
37.Rxf7 Qxc2 38.Re7 Rf4 39.Qh3+ Rh4 40.Qg3 Rd2 41.h3 Qc6+ 42.Kg1 Qc5+ 43.Qe3 Rxh3  1/2-1/2

[Event "TCh-FRA Top 16"]
[Site "Clichy FRA"]
[Date "2007.05.31"]
[Round "8"]
[White "Heinz,Ti"]
[Black "Pelletier,Y"]
[Result "0-1"]
[WhiteElo "2289"]
[BlackElo "2602"]

1.e4 c5 2.Nf3 e6 3.d4 cxd4 4.Nxd4 Nc6 5.Nc3 Qc7 6.Be2 a6 7.O-O Nf6 8.Be3 Bb4
9.Na4 O-O 10.Nxc6 bxc6 11.f4 Be7 12.Bd3 c5 13.c4 d6 14.Qe2 Bb7 15.Nc3 Nd7
16.Rad1 Rae8 17.Bb1 g6 18.Bf2 Kh8 19.Rfe1 Nf6 20.e5 Nh5 21.Qe3 f5 22.Bd3 d5
23.cxd5 exd5 24.Qd2 d4 25.Nb1 Qc6 26.Bf1 g5 27.fxg5 Bxg5 28.Qc2 Rg8 29.b4 Bd2  0-1

[Event "ch-Skopje"]
[Site "Skopje MKD"]
[Date "2007.05.31"]
[Round "2"]
[White "Kizov,V"]
[Black "Mitkov,M"]
[Result "0-1"]
[WhiteElo "2197"]
[BlackElo "2401"]

1.e4 c5 2.Nf3 e6 3.Nc3 Nc6 4.d4 cxd4 5.Nxd4 Qc7 6.Be2 a6 7.O-O Nf6 8.Be3 b5
9.Nxc6 dxc6 10.Bf3 e5 11.a3 Be6 12.b3 Rd8 13.Qe2 Be7 14.a4 Qa5 15.Nb1 O-O
16.Bd2 b4 17.Be3 Bc5 18.Nd2 Bd4 19.Bxd4 Rxd4 20.Rfd1 Rfd8 21.Nf1 h6 22.h3 Qb6
23.Ne3 a5 24.Ng4 Bxg4 25.hxg4 Qc5 26.Rxd4 Qxd4 27.Re1 Qd2 28.Kf1 Rd4 29.Qxd2 Rxd2
30.Re2 Rd4 31.Ke1 c5 32.Rd2 Nd7 33.Rxd4 cxd4 34.Be2 Nc5 35.Bd3 Kh7 36.g3 Kg6
37.f3 Kg5 38.Kf2 g6 39.Ke2 h5 40.gxh5 Kxh5 41.Kf2 Kg5 42.Bc4 f5 43.Bd3 fxe4
44.fxe4 Nxd3+ 45.cxd3 Kg4  0-1

[Event "Doroshkevich Mem"]
[Site "Belorechensk RUS"]
[Date "2007.06.01"]
[Round "4"]
[White "Ganigev,M"]
[Black "Meshalkin,YY"]
[Result "1/2-1/2"]
[WhiteElo "1789"]
[BlackElo "2240"]

1.e4 c5 2.Nf3 e6 3.d4 cxd4 4.Nxd4 Nc6 5.Nc3 Qc7 6.Ndb5 Qb8 7.Be3 a6 8.Nd4 Qc7
9.Qd2 Bb4 10.a3 Bxc3 11.Qxc3 Nf6 12.f3 d5 13.Nxc6 Qxc6 14.Qxc6+ bxc6 15.exd5 cxd5
16.Bc5 Bd7 17.Bd3 Rc8 18.b4 Bb5 19.a4 Bxd3 20.cxd3 Nd7 21.d4 Nxc5 22.dxc5 a5
23.Rb1 Kd7 24.bxa5 Rxc5 25.Kf2 Ra8 26.Rb7+ Ke8 27.Rhb1 Rcxa5 28.Rc7 R5a7
29.Rb8+ Rxb8 30.Rxa7 Rb2+ 31.Kf1 g6  1/2-1/2

[Event "29th Mem Nezhmetdinov"]
[Site "Kazan RUS"]
[Date "2007.06.01"]
[Round "1"]
[White "Beliaev,Va"]
[Black "Demin,V1"]
[Result "0-1"]
[WhiteElo "2112"]
[BlackElo "2440"]

1.e4 c5 2.Nf3 e6 3.d4 cxd4 4.Nxd4 Nc6 5.Nc3 Qc7 6.Ndb5 Qb8 7.Be3 a6 8.Bb6 axb5
9.Nxb5 Bb4+ 10.c3 Ba5 11.Nc7+ Qxc7 12.Bxc7 Bxc7 13.Bc4 Nf6 14.O-O d5 15.exd5 Nxd5
16.Re1 O-O 17.a3 h6 18.Rc1 Nf6 19.Qe2 Ra5 20.Bb5 Na7 21.c4 Nxb5 22.cxb5 Bb6
23.Qd3 Bd7 24.Qd6 Rxb5 25.b4 Ba7 26.Rc4 Rf5 27.Rc2 Ba4 28.Rc5 Bxc5 29.bxc5 Rd5
30.Qb6 Bc6 31.Qb4 Ra8 32.Re3 Ra4 33.Qe1 Rad4 34.Qa5 Rd1+ 35.Re1 Rxe1+ 36.Qxe1 Ba4  0-1

[Event "35th World Open"]
[Site "King of Prussia USA"]
[Date "2007.06.01"]
[Round "3"]
[White "Dejmek,M"]
[Black "Zenyuk,I"]
[Result "1/2-1/2"]
[WhiteElo "2176"]
[BlackElo "2177"]

1.e4 c5 2.Nf3 e6 3.Nc3 Nc6 4.d4 cxd4 5.Nxd4 Qc7 6.Be3 a6 7.Qd2 Nf6 8.O-O-O Bb4
9.f3 Ne5 10.Nb3 b5 11.Bd4 Be7 12.Qg5 d6 13.Qxg7 Rg8 14.Qh6 b4 15.Na4 Nxe4
16.Qe3 Nf6 17.Nb6 Rb8 18.Kb1 Ned7 19.Nxc8 Rxc8 20.Qf2 a5 21.Bb5 Kf8 22.g4 Rg5
23.Ba4 Rd5 24.Rc1 Nc5 25.Nxc5 dxc5 26.Be3 c4 27.h4 Bc5 28.h5 Bxe3 29.Qxe3 Qe5
30.Qh6+  1/2-1/2

[Event "XV Lasker Mem Open A"]
[Site "Barlinek POL"]
[Date "2007.06.02"]
[Round "1"]
[White "Hnydiuk,A"]
[Black "Tokarski,B"]
[Result "1-0"]
[WhiteElo "2377"]
[BlackElo "2076"]

1.e4 c5 2.Nc3 e6 3.Nge2 Nc6 4.d4 cxd4 5.Nxd4 d6 6.g3 Nf6 7.Bg2 Be7 8.Nxc6 bxc6
9.e5 Nd5 10.exd6 Bxd6 11.Ne4 O-O 12.c4 Bb4+ 13.Bd2 Bxd2+ 14.Qxd2 Ne7 15.O-O-O Ba6
16.Qg5 h6 17.Rxd8 hxg5 18.Rxa8 Rxa8 19.b3 Rd8 20.Nxg5 Bc8 21.Rd1 Rxd1+ 22.Kxd1 e5
23.Kd2 f6 24.Ne4 Nf5 25.Kc3 Kf8 26.Nc5 Nd4 27.b4 Ke7 28.Nb3 Nxb3 29.Kxb3 Kd6
30.c5+ Kc7 31.Kc3 Bf5 32.Bf1 Bd7 33.a4 Kb7 34.b5 cxb5 35.axb5 Kc7 36.Kb4 Be6
37.Bc4 Bg4 38.Bd5 Be2 39.Ka5 Bd3 40.Bf3 g6 41.Bd5 f5 42.h4 Be2 43.Bf7 Bh5
44.Ka6 Kb8 45.Be8 f4 46.gxf4 exf4 47.Bf7 Ka8 48.c6 Kb8 49.b6 Be2+ 50.Ka5 Bf3
51.Kb5 Be2+ 52.Kc5 axb6+ 53.Kxb6  1-0

[Event "Doroshkevich Mem"]
[Site "Belorechensk RUS"]
[Date "2007.06.02"]
[Round "5"]
[White "Eraschenkov,D"]
[Black "Cherniaev,A1"]
[Result "1/2-1/2"]
[WhiteElo "2388"]
[BlackElo "2487"]

1.e4 c5 2.Nf3 Nc6 3.Nc3 e6 4.d4 cxd4 5.Nxd4 Nf6 6.Ndb5 d6 7.Bf4 e5 8.Bg5 a6
9.Na3 b5 10.Bxf6 gxf6 11.Nd5 f5 12.Bd3 Be6 13.O-O Bxd5 14.exd5 Ne7 15.c3 Bg7
16.Qh5 e4 17.Bc2 Qc8 18.Bb3 O-O 19.Rae1 a5 20.Nxb5 a4 21.Bd1 Qc5 22.c4 Qxc4
23.Be2 Qxa2 24.Qg5 Ng6 25.Rb1 Qxd5 26.Rfd1 Qe5 27.Nxd6 Bf6 28.Qxf5 Qxf5 29.Nxf5 Rfb8
30.Bc4 Rxb2 31.Rxb2 Bxb2 32.Nh6+ Kg7 33.Nxf7 a3 34.Ba2 Nf4 35.Kf1 Nd3 36.Ng5 Nb4
37.Bb1 a2 38.Bxa2 Nxa2 39.Nxe4 Nc3 40.Nxc3 Bxc3 41.Rd3  1/2-1/2

[Event "2nd Magistral Espirito Santo"]
[Site "Vitoria BRA"]
[Date "2007.06.02"]
[Round "7"]
[White "Hungaski,R"]
[Black "Bachmann,Ax"]
[Result "1/2-1/2"]
[WhiteElo "2379"]
[BlackElo "2470"]

1.e4 c5 2.Nf3 e6 3.d4 cxd4 4.Nxd4 Nc6 5.Nc3 Qc7 6.Be3 Nf6 7.Qd2 a6 8.O-O-O b5
9.f3 Bb4 10.Bf4 Qa5 11.Nb3 Bxc3 12.Nxa5 Bxd2+ 13.Bxd2 Nxa5 14.Bxa5 d5 15.e5 Nd7
16.Bc3 Nb8 17.Bd4 Nc6 18.c3 Bd7 19.Bd3 Nxd4 20.cxd4 Ke7 21.Rd2  1/2-1/2

[Event "XV Lasker Mem Open A"]
[Site "Barlinek POL"]
[Date "2007.06.03"]
[Round "2"]
[White "Fernandez,D SIN"]
[Black "Hnydiuk,A"]
[Result "0-1"]
[WhiteElo "1975"]
[BlackElo "2377"]

1.e4 c5 2.Nf3 e6 3.d4 cxd4 4.Nxd4 Nc6 5.Nc3 a6 6.Be3 Nf6 7.Bc4 Qc7 8.Bb3 b5
9.g4 h5 10.g5 Ng4 11.Qe2 Nxe3 12.Qxe3 Nxd4 13.Qxd4 Bd6 14.Nd5 exd5 15.Qxd5 Bb7
16.Qxf7+ Kd8 17.O-O-O Qc5 18.Bd5 Rf8 19.Qxg7 Rxf2 20.c3 Bxd5 21.exd5 Qe3+
22.Kb1 Qe2 23.c4 Be5 24.Qg8+ Kc7 25.d6+ Kb6 26.c5+ Ka7  0-1

[Event "Doroshkevich Mem"]
[Site "Belorechensk RUS"]
[Date "2007.06.03"]
[Round "6"]
[White "Sabitov,A"]
[Black "Ganigev,M"]
[Result "0-1"]
[WhiteElo "2352"]
[BlackElo "1789"]

1.e4 c5 2.Nf3 e6 3.d4 cxd4 4.Nxd4 Nc6 5.Nc3 Nf6 6.Ndb5 Bb4 7.a3 Bxc3+ 8.Nxc3 d5
9.exd5 exd5 10.Bd3 O-O 11.O-O d4 12.Ne2 Re8 13.Bg5 h6 14.Bh4 g5 15.Bg3 Ne4
16.Bb5 Nxg3 17.hxg3 Qb6 18.Nxd4 Rd8 19.Bxc6 Rxd4  0-1

[Event "Doroshkevich Mem"]
[Site "Belorechensk RUS"]
[Date "2007.06.04"]
[Round "7"]
[White "Demchenko,A"]
[Black "Beshukov,S"]
[Result "1-0"]
[WhiteElo "2431"]
[BlackElo "2461"]

1.e4 c5 2.Nf3 Nc6 3.Nc3 e6 4.d4 cxd4 5.Nxd4 Qc7 6.g3 a6 7.Bg2 d6 8.O-O Bd7
9.Re1 Be7 10.Nxc6 Bxc6 11.Qg4 h5 12.Qd1 h4 13.a4 Nf6 14.Bf4 hxg3 15.hxg3 Rc8
16.Qe2 e5 17.Be3 Bd7 18.a5 Qc4 19.Rec1 Qxe2 20.Nxe2 Be6 21.Nc3 O-O 22.Nd5 Nxd5
23.exd5 Bd7 24.c4 f5 25.f4 Bf6 26.Rab1 e4 27.b4 Kf7 28.Bf1 Rfd8 29.b5 Ra8
30.bxa6 bxa6 31.Rb6 Bc8 32.c5 dxc5 33.Rxc5 Rd7 34.Bc4 Bd8 35.Re6 Rb7 36.Rec6 Bd7
37.Rxa6 Rb1+ 38.Kf2 Rb2+ 39.Ke1 Rab8 40.Ra7 Ke8 41.Be2 Ra2 42.d6 Rb1+ 43.Bc1 Rxa5
44.Bh5+ g6 45.Bxg6+ Kf8 46.Rcxa5 Bxa5+ 47.Rxa5 Rxc1+  1-0

[Event "8th United Insurance"]
[Site "Dhaka BAN"]
[Date "2007.06.04"]
[Round "10"]
[White "Abu Sufian,S"]
[Black "Rahman,Zia"]
[Result "1-0"]
[WhiteElo "2356"]
[BlackElo "2543"]

1.e4 c5 2.Nf3 e6 3.d4 cxd4 4.Nxd4 Nc6 5.Nc3 Qc7 6.Be2 a6 7.O-O Nf6 8.Be3 Bb4
9.Na4 Be7 10.Nxc6 bxc6 11.Nb6 Rb8 12.Nxc8 Qxc8 13.Bd4 c5 14.Be5 Rb6 15.Qd3 d6
16.Bc3 O-O 17.b3 Nd7 18.Rad1 Bf6 19.Ba5 Rc6 20.Qg3 Ne5 21.Bc3 Qd8 22.f4 Ng6
23.e5 Be7 24.Bf3 Rc8 25.exd6 Bh4 26.Qh3 Nxf4 27.Qg4 Ng6 28.Bb7 Rb8 29.Bxa6 Ra8
30.Qe2 Qb6 31.Bc4 Rxa2 32.Bxe6 c4+ 33.Kh1 cxb3 34.Bxf7+ Rxf7 35.Qe8+ Rf8
36.Qe6+  1-0

[Event "29th Mem Nezhmetdinov"]
[Site "Kazan RUS"]
[Date "2007.06.04"]
[Round "4"]
[White "Azarov,S"]
[Black "Reshetnikov,A"]
[Result "1-0"]
[WhiteElo "2571"]
[BlackElo "2385"]

1.e4 c5 2.Nf3 e6 3.d4 cxd4 4.Nxd4 Nc6 5.Nc3 Qc7 6.Be2 a6 7.O-O Nf6 8.Be3 Bb4
9.Na4 O-O 10.Nxc6 bxc6 11.Nb6 Rb8 12.Nxc8 Rfxc8 13.Bxa6 Rd8 14.Bd3 Bd6 15.Kh1 Rxb2
16.Bd4 Rbb8 17.Bxf6 gxf6 18.f4 Bf8 19.Qh5 Bg7 20.e5 Qa5 21.Bxh7+ Kf8 22.Rf3 fxe5
23.Rg3 Bf6 24.Bg6  1-0

[Event "TCh-BIH"]
[Site "Vogosca BIH"]
[Date "2007.06.04"]
[Round "3"]
[White "Brkic,A"]
[Black "Balogh,C"]
[Result "1/2-1/2"]
[WhiteElo "2567"]
[BlackElo "2617"]

1.e4 c5 2.Nf3 e6 3.d4 cxd4 4.Nxd4 Nc6 5.Nc3 d6 6.Be3 Nf6 7.f3 Be7 8.Qd2 O-O
9.g4 Nxd4 10.Qxd4 Nd7 11.O-O-O Ne5 12.Be2 Bd7 13.Kb1 Qa5 14.Qd2 Kh8 15.f4 Nc6
16.g5 Rab8 17.h4 b5 18.Bg4 Rfc8 19.h5 Rb7 20.Ne2 Qa4 21.Nd4 Rbc7 22.h6 g6
23.b3 Qa5 24.Nxc6 Qxd2 25.Rxd2 Bxc6 26.Re1 Kg8 27.Bd4 Re8 28.Bf6 Kf8 29.Bg7+ Kg8
30.Bf6 Kf8 31.Bg7+ Kg8  1/2-1/2

[Event "Doroshkevich Mem"]
[Site "Belorechensk RUS"]
[Date "2007.06.05"]
[Round "8"]
[White "Petrov,Ar"]
[Black "Meshalkin,YY"]
[Result "1-0"]
[WhiteElo "2192"]
[BlackElo "2240"]

1.e4 c5 2.Nf3 e6 3.d4 cxd4 4.Nxd4 Nc6 5.Nc3 Qc7 6.Be3 a6 7.Bd3 b5 8.O-O Bb7
9.Nb3 d6 10.a4 b4 11.Nb1 Nf6 12.f4 Be7 13.N1d2 O-O 14.a5 Rac8 15.Qe2 Ra8
16.Qf3 Nd7 17.Qh3 e5 18.f5 Nf6 19.g4 Kh8 20.g5 Ng8 21.Nc4 Qd8 22.Qg4 Nd4
23.Nxd4 exd4 24.Bf4 d5 25.exd5 Bc5 26.d6 Bd5 27.b3 Bxc4 28.bxc4 Bxd6 29.Bd2 Rb8
30.Rf3 b3 31.Rh3 bxc2 32.Rxh7+ Kxh7 33.f6+ Kh8 34.Qh5+ Nh6 35.fxg7+ Kg8 36.Bh7+  1-0

[Event "German Int ch-Youth"]
[Site "Neuhausen GER"]
[Date "2007.06.05"]
[Round "1"]
[White "Hirneise,T"]
[Black "Graf,F"]
[Result "0-1"]
[WhiteElo "2307"]
[BlackElo "2262"]

1.e4 c5 2.Nf3 e6 3.d4 cxd4 4.Nxd4 Nc6 5.Nc3 Qc7 6.Be2 a6 7.Be3 b5 8.Nxc6 Qxc6
9.Bf3 Bb7 10.O-O Qc7 11.Qe2 Bd6 12.h3 Be5 13.Rad1 Ne7 14.g3 O-O 15.Qd2 Rad8
16.Bd4 Nc6 17.Bxe5 Nxe5 18.Bg2 f5 19.Qe2 f4 20.gxf4 Ng6 21.Qd2 Nxf4 22.Qd6 Qxd6
23.Rxd6 Bc6 24.a3 Rf6 25.Kh2 Rg6 26.Rg1 Rxg2+ 27.Rxg2 Nxg2 28.Kxg2 Rf8 29.Kg3 Kf7
30.f3 Ke7 31.Rd2 Rf6 32.Ne2 e5 33.Nc3 Rd6 34.Rxd6 Kxd6 35.Nd1 Ke6 36.Ne3 d5
37.exd5+ Bxd5 38.c3 Bb3 39.h4 a5 40.Kg4 Kf6 41.Kg3 a4 42.Kg4 Be6+ 43.Kg3 g5
44.Ng2 gxh4+ 45.Nxh4 Kg5 46.Ng2 h6 47.Ne3 h5 48.Ng2 Bc4 49.f4+ exf4+ 50.Nxf4 h4+
51.Kf3 Kf5 52.Nh3 Bd5+ 53.Ke3 Kg4 54.Nf2+ Kg3 55.Ke2 h3  0-1

[Event "German Int ch-Youth"]
[Site "Neuhausen GER"]
[Date "2007.06.05"]
[Round "1"]
[White "Kurmann,O"]
[Black "Mader,Ma"]
[Result "1-0"]
[WhiteElo "2433"]
[BlackElo "2223"]

1.e4 c5 2.Nf3 e6 3.d4 cxd4 4.Nxd4 Nc6 5.Nc3 Qc7 6.Be3 a6 7.Qd2 Nf6 8.O-O-O Bb4
9.f3 Ne5 10.Nb3 b5 11.Qe1 Be7 12.f4 Ng6 13.e5 Ng4 14.Bd2 Bb7 15.Bd3 Rc8 16.Qe2 Nh6
17.Rhf1 O-O 18.Ne4 Bd5 19.g4 Bc4 20.Kb1 Rfe8 21.Be3 Bd5 22.h3 d6 23.exd6 Bxd6
24.Nxd6 Qxd6 25.Qf2 f5 26.g5 Nf7 27.h4 Qc6 28.h5 Nf8 29.h6 g6 30.Bd4 e5 31.fxe5 Nxe5
32.Bc3 Nfd7 33.Qd4 Bc4 34.Na5 Qb6 35.Bxc4+ bxc4 36.Qd5+ Qe6 37.Rfe1 Rc5 38.Qxe6+ Rxe6
39.Rxd7  1-0

[Event "German Int ch-Youth"]
[Site "Neuhausen GER"]
[Date "2007.06.05"]
[Round "2"]
[White "Hirneise,T"]
[Black "Beck,F"]
[Result "0-1"]
[WhiteElo "2307"]
[BlackElo "2334"]

1.e4 c5 2.Nf3 e6 3.d4 cxd4 4.Nxd4 Nc6 5.Nc3 Qc7 6.Be2 a6 7.Be3 Nf6 8.a3 Na5
9.f4 Nc4 10.Bxc4 Qxc4 11.Qd3 Qxd3 12.cxd3 d6 13.h3 Be7 14.g4 h6 15.Ke2 Bd7
16.Rac1 O-O 17.e5 Ne8 18.Ne4 f6 19.exd6 Bxd6 20.f5 exf5 21.Nxf5 Be5 22.d4 Bb8
23.d5 Bxf5 24.gxf5 Nd6 25.Nxd6 Bxd6 26.Kf3 Rad8 27.Rhd1 Rfe8 28.Bb6 Rd7 29.Re1 Rxe1
30.Rxe1 Be5 31.Rd1 Bxb2 32.a4 Ba3 33.Rd3 Bb4 34.a5 Kf7 35.Rd4 Bd6 36.Rc4 g6
37.fxg6+ Kxg6 38.Ke3 Kf5 39.Kd4 Re7 40.Rc8 Re4+ 41.Kd3 Rh4 42.Bd4 Rxh3+ 43.Kc4 Ra3
44.Bc3 h5 45.Rh8 h4 46.Rh7 Kg6 47.Rh8 h3 48.Rxh3 Be5 49.d6 Rxc3+ 50.Rxc3 Bxc3
51.Kxc3 Kf7 52.Kd4 Ke6 53.Kc5 f5 54.Kb6 Kd7 55.Kxb7 f4 56.Kxa6 f3 57.Kb7 f2
58.a6 f1=Q 59.a7 Qb1+ 60.Ka8 Kc6 61.d7 Qb7+  0-1

[Event "WCh Candidates Finals"]
[Site "Elista RUS"]
[Date "2007.06.06"]
[Round "1"]
[White "Grischuk,A"]
[Black "Rublevsky,S"]
[Result "1-0"]
[WhiteElo "2717"]
[BlackElo "2680"]

1.e4 c5 2.Nf3 e6 3.d4 cxd4 4.Nxd4 Nc6 5.Nc3 a6 6.Be2 d6 7.O-O Nf6 8.Be3 Bd7
9.a4 Be7 10.f4 Nxd4 11.Qxd4 Bc6 12.b4 O-O 13.b5 Be8 14.e5 Qc7 15.b6 Qc6 16.Bf3 d5
17.Rae1 Nd7 18.Nxd5 exd5 19.Bxd5 Qc5 20.e6 Qxd4 21.Bxd4 Nf6 22.Bb3 Rd8 23.Bxf6 Bc5+
24.Kh1 gxf6 25.e7 Bxe7 26.Rxe7 Bc6 27.Rc7 Rd2 28.Re1 Rf2 29.h3 Rxf4 30.Ree7 Rf1+
31.Kh2 Rf2 32.Rxc6 bxc6 33.Rxf7 Rf4 34.c3 Re4 35.Re7+  1-0

[Event "29th Mem Nezhmetdinov"]
[Site "Kazan RUS"]
[Date "2007.06.06"]
[Round "6"]
[White "Sadykov,Ra"]
[Black "Demin,V1"]
[Result "0-1"]
[WhiteElo "2162"]
[BlackElo "2440"]

1.e4 c5 2.Nf3 e6 3.d4 cxd4 4.Nxd4 Nc6 5.Nc3 Qc7 6.g3 a6 7.Bg2 Nf6 8.O-O Bc5
9.Nxc6 dxc6 10.Na4 Ba7 11.c4 h5 12.c5 h4 13.Be3 hxg3 14.hxg3 e5 15.Nb6 Bxb6
16.cxb6 Qe7 17.Rc1 Bg4 18.f3 Bh3 19.Bxh3 Rxh3 20.Kg2 Qe6 21.Rh1 Rxh1 22.Qxh1 O-O-O
23.Qh3 Qxh3+ 24.Kxh3 Rd3 25.Rc3 Rxc3 26.bxc3 Nd7 27.f4 exf4 28.gxf4 Nf6 29.Bd4 Nxe4
30.Bxg7 Kd7 31.Kg4 Ke6 32.f5+ Kd5 33.Kf4 Nd6 34.Kg5 Ke4 35.Kf6 Nxf5 36.Bf8 c5
37.Kxf7 Kd5 38.Kf6 Ne3 39.Bg7 Nc4 40.Kf5 Nxb6 41.Kf4 Kc4 42.Ke3 Kb5 43.Kd3 Ka4
44.Kc2 Ka3 45.Kb1 Nc4 46.Bf6 b6 47.Bg7 Ne3 48.Bf6 Ka4 49.Bg7 Kb5 50.Bh6 Nf5
51.Bg5 Kc4 52.Kc2 Nd6 53.Bf6 Ne4 54.Bg7 b5 55.Bh8 Nd6 56.Bg7 Nf5 57.Bh8 Ne3+
58.Kd2 Nd5 59.Kc2 a5 60.Bg7 b4 61.cxb4 axb4 62.Bh8 Nc7 63.Bg7 Nb5 64.Bh8 Nd4+
65.Kd2 Kd5 66.Bg7 Ne6 67.Bh8 c4 68.Kc2 Kc5 69.Bf6 Kb5 70.Kb2 Nf4 71.Bh8 Nd3+
72.Kc2 Ka4 73.Bg7 Ka3 74.Kb1 Ne1 75.Bf6 c3 76.Bh4 Nf3 77.Bf6 Nd2+ 78.Kc2 Ne4
79.Be7 Ka4 80.Bf8 Nf6 81.Bg7 Nd5 82.Be5 Ka3 83.Kb1 Ne3 84.Bd4 Nd5 85.Bg7 Ka4
86.Kc2 Ne3+ 87.Kb1 Nc4 88.Kc2 Na3+ 89.Kc1 Kb5 90.Bf6 Kc4 91.Bg7 Kd3 92.Bf6 Nc4
93.Be7 b3 94.axb3 Nd2 95.Bg5 Nxb3+ 96.Kb1 Nd4 97.Bh6 Nc6 98.Bg7 c2+ 99.Kc1 Na5
100.Bh6 Nc4 101.Bg5 Kc3 102.Bf6+ Kb3 103.Bc3 Nd6 104.Bf6 Ne4 105.Be5 Nf2
106.Bf6 Nd3+ 107.Kd2 c1=Q+  0-1

[Event "29th Mem Nezhmetdinov"]
[Site "Kazan RUS"]
[Date "2007.06.07"]
[Round "7"]
[White "Amonatov,F"]
[Black "Bocharov,D"]
[Result "1/2-1/2"]
[WhiteElo "2574"]
[BlackElo "2614"]

1.e4 c5 2.Nf3 Nc6 3.d4 cxd4 4.Nxd4 e6 5.Nc3 Qc7 6.f4 a6 7.Be3 b5 8.Qf3 Bb7
9.Bd3 Nf6 10.g4 Nxd4 11.Bxd4 b4 12.Ne2 d5 13.e5 Nd7 14.O-O-O g5 15.Ng3 O-O-O
16.Nh5 Bc5 17.Bxc5 Nxc5 18.Rhe1 Qa5 19.Kb1 d4 20.Qe2 gxf4 21.Nxf4 Kb8 22.h4 h6
23.Rf1 Rd7 24.Qd2 Bc6 25.Ne2 Nxd3 26.cxd3 Qxe5 27.Qxb4+ Ka8 28.Nc1 h5 29.g5 Rb8
30.Qa3 Bb5 31.Nb3 Rc7 32.Qa5 Qd6 33.Rfe1 Rcb7 34.Re4 e5 35.Qe1 Ba4 36.Rxe5 Bxb3
37.axb3 Rxb3 38.Re2 R8b7 39.Rc1 Ka7 40.Qf2 R3b4 41.Rc4 Qd5 42.Rc8 Qh1+ 43.Rc1 Qh3
44.Rd1 Qd7 45.Re4 Qf5 46.Qc2 R4b5 47.Re2 Rb3 48.Rc1 Rc3 49.Qd1 Rxd3 50.Qc2  1/2-1/2

[Event "German Int ch-Youth"]
[Site "Neuhausen GER"]
[Date "2007.06.07"]
[Round "4"]
[White "Beck,F"]
[Black "Graf,F"]
[Result "1-0"]
[WhiteElo "2334"]
[BlackElo "2262"]

1.e4 c5 2.Nf3 e6 3.d4 cxd4 4.Nxd4 Nc6 5.Nc3 Qc7 6.g3 a6 7.Bg2 Nge7 8.Nb3 Ng6
9.O-O Bb4 10.Bd2 O-O 11.f4 f6 12.a3 Be7 13.Be3 Na5 14.Nd5 exd5 15.Qxd5+ Kh8
16.Nxa5 Qxc2 17.h4 Bd8 18.Nxb7 Ne7 19.Qc5 Qxc5 20.Nxc5 Rb8 21.b4 d6 22.Nb3 Be6
23.Nd4 Bb6 24.Bf2 Bxd4 25.Bxd4 Rfc8 26.Rfd1 Bb3 27.Rd2 Rc2 28.Rxc2 Bxc2 29.Rc1 Rc8
30.e5 fxe5 31.fxe5 dxe5 32.Bxe5 Bf5 33.Rf1 Rd8 34.Bb7 Bc8 35.Rf7 Bxb7 36.Rxe7  1-0

[Event "German Int ch-Youth"]
[Site "Neuhausen GER"]
[Date "2007.06.07"]
[Round "5"]
[White "Heimann,An"]
[Black "Mader,Ma"]
[Result "1-0"]
[WhiteElo "2241"]
[BlackElo "2223"]

1.e4 c5 2.Nf3 e6 3.d4 cxd4 4.Nxd4 Nc6 5.Nc3 Qc7 6.g3 a6 7.Bg2 g6 8.O-O Bg7
9.Nxc6 bxc6 10.Bf4 Be5 11.Be3 d6 12.f4 Bg7 13.Qd2 Ne7 14.Rad1 d5 15.Bd4 O-O
16.Bxg7 Kxg7 17.Qd4+ Kg8 18.Na4 Rb8 19.b4 a5 20.a3 Ba6 21.Rfe1 Bc4 22.Rb1 Rfd8
23.Nc5 Ba2 24.Rb2 dxe4 25.Qxe4 Bd5 26.Qe2 Qa7 27.c3 Nf5 28.Kh1 Bxg2+ 29.Kxg2 Nd6
30.Rd1 Nb5 31.Rxd8+ Rxd8 32.Rd2 Qe7 33.Ne4 axb4 34.axb4 Nd6 35.Qd1 Nb7 36.Rxd8+ Qxd8
37.Qxd8+ Nxd8 38.Kf3 Nb7 39.Ke3 Kf8 40.Kd4 Ke7 41.c4 f5 42.Ng5 h6 43.Nf3 Nd6
44.Ne5 g5 45.Nxc6+  1-0

[Event "German Int ch-Youth"]
[Site "Neuhausen GER"]
[Date "2007.06.07"]
[Round "5"]
[White "Tomczak,J"]
[Black "Beck,F"]
[Result "1/2-1/2"]
[WhiteElo "2451"]
[BlackElo "2334"]

1.e4 c5 2.Nf3 e6 3.d4 cxd4 4.Nxd4 Nc6 5.Nc3 Qc7 6.g3 a6 7.Bg2 Nf6 8.O-O Bc5
9.Bf4 Ne5 10.Nb3 Ba7 11.Qe2 d6 12.Rad1 b5 13.Kh1 Bb7 14.Bc1 b4 15.Nb1 Rc8
16.c3 Bc6 17.Qc2 Bb5 18.Rfe1 Nfg4 19.Nd4 Bxd4 20.Rxd4 Bd3 21.Qa4+ Bb5 22.Qc2 Bd3
23.Qa4+  1/2-1/2

[Event "Xose Enrique Rodriguez Pena Mem"]
[Site "Ourense ESP"]
[Date "2007.06.07"]
[Round "1"]
[White "Salgado Lopez,I"]
[Black "Oral,T"]
[Result "1/2-1/2"]
[WhiteElo "2461"]
[BlackElo "2543"]

1.e4 c5 2.Nf3 Nc6 3.d4 cxd4 4.Nxd4 e6 5.Nc3 a6 6.Be3 Nf6 7.f4 Bb4 8.Bd3 Qb6
9.O-O Bc5 10.Na4 Bxd4 11.Nxb6 Bxe3+ 12.Kh1 Bxb6 13.e5 Nd5 14.Qg4 g6 15.Qh3 h5
16.Rae1 Ba5 17.c3 b5 18.a4 bxa4 19.Be4 Nce7 20.Ra1 Rb8 21.c4 Rb3 22.Rf3 Nxf4
23.Qh4 Rxf3 24.Bxf3 Nd3 25.Qd4 Nb4 26.Rxa4 Nbc6 27.Qd6 Bd8 28.Bxc6 dxc6 29.Rb4 O-O
30.Rb8 a5 31.Ra8 h4 32.c5 Kg7 33.Kg1 Kg8 34.Kh1  1/2-1/2

[Event "XV Lasker Mem Open A"]
[Site "Barlinek POL"]
[Date "2007.06.08"]
[Round "8"]
[White "Zeberski,J"]
[Black "Hnydiuk,A"]
[Result "1/2-1/2"]
[WhiteElo "2438"]
[BlackElo "2377"]

1.e4 c5 2.Nf3 e6 3.d4 cxd4 4.Nxd4 Nc6 5.Nc3 a6 6.g3 Qc7 7.Bg2 Nf6 8.O-O d6
9.Re1 Rb8 10.Nxc6 bxc6 11.Na4 Nd7 12.c4 c5 13.f4 Be7 14.b3 O-O 15.Bd2 Bb7  1/2-1/2

[Event "29th Mem Nezhmetdinov"]
[Site "Kazan RUS"]
[Date "2007.06.08"]
[Round "8"]
[White "Novgorodskij,V"]
[Black "Kalegin,E"]
[Result "1/2-1/2"]
[WhiteElo "2351"]
[BlackElo "2481"]

1.e4 c5 2.Nf3 e6 3.d4 cxd4 4.Nxd4 Nc6 5.Nc3 a6 6.Be3 Nf6 7.Qd2 Bb4 8.f3 d5
9.a3 Qa5 10.exd5 Nxd5 11.Nb3 Bxc3 12.Nxa5 Bxd2+ 13.Bxd2 Nxa5 14.Bxa5 Ne3
15.Kf2 Nxf1 16.Rhxf1 Bd7 17.Rfd1  1/2-1/2

[Event "National Open"]
[Site "Las Vegas USA"]
[Date "2007.06.08"]
[Round "1"]
[White "Rubsamen,C"]
[Black "Shabalov,A"]
[Result "0-1"]
[WhiteElo "2138"]
[BlackElo "2606"]

1.e4 c5 2.Nf3 Nc6 3.Nc3 e6 4.d4 cxd4 5.Nxd4 d6 6.Bc4 Nf6 7.Be3 Be7 8.f4 O-O
9.Qf3 e5 10.Nxc6 bxc6 11.fxe5 dxe5 12.O-O Qa5 13.Kh1 Kh8 14.h3 Rb8 15.Bg5 Qc7
16.Rf2 Ng4 17.hxg4 Bxg5 18.Raf1 f6 19.b3 Bd7 20.Nd1 Qb6 21.Re2 Rbd8 22.Nf2 Qc7
23.Ree1 Bc8 24.Rd1 Qe7 25.a4 Bd2 26.g3 Ba5 27.Kg2 Bb6 28.Nd3 g6 29.Rh1 Kg7
30.Rdf1 Qd7 31.Rh4 g5 32.Rh2 Qxg4 33.Rfh1 Rh8 34.Rh6 Qxf3+ 35.Kxf3 g4+ 36.Ke2 Ba5
37.b4 Rd4 38.bxa5 Rxe4+ 39.Kd2 Rxc4 40.R6h2 Rxa4 41.Nc5 Rxa5 42.Ne4 Bf5 43.Ke3 Ra3+
44.c3 Rd8 45.Rh6 Rd4 46.Nxf6 Rd3+  0-1

[Event "Xose Enrique Rodriguez Pena Mem"]
[Site "Ourense ESP"]
[Date "2007.06.08"]
[Round "2"]
[White "Felgaer,R"]
[Black "Nataf,IA"]
[Result "1-0"]
[WhiteElo "2574"]
[BlackElo "2596"]

1.e4 c5 2.Nc3 Nc6 3.Nge2 e6 4.d4 cxd4 5.Nxd4 Nf6 6.g3 d5 7.exd5 Nxd5 8.Bg2 Nxc3
9.bxc3 Nxd4 10.Qxd4 Qxd4 11.cxd4 Bb4+ 12.Bd2 Bxd2+ 13.Kxd2 Rb8 14.a4 b6 15.a5 b5
16.Rhb1 Ke7 17.c4 Bd7 18.c5 Rhc8 19.a6 Bc6 20.Bxc6 Rxc6 21.Ra5 Rd8 22.Ke3 e5
23.dxe5 Rxc5 24.Raxb5 Rc3+ 25.Ke4 Ke6 26.Rb7 Rdc8 27.R1b4 Ra3 28.Rxa7 Rc6
29.f4 f5+ 30.exf6 Kxf6 31.Rbb7 Re6+ 32.Kd4 Rexa6 33.Rf7+ Ke6 34.f5+ Kd6 35.Rfd7+ Kc6
36.Rxa6+ Rxa6 37.Rxg7 Ra5 38.Ke4 Kd6 39.Kf4 h5 40.Rh7  1-0

[Event "8th UKR Universiad"]
[Site "Evpatoria UKR"]
[Date "2007.06.09"]
[Round "6"]
[White "Ostrovskiy,And"]
[Black "Shkuran,D"]
[Result "1/2-1/2"]
[WhiteElo "2417"]
[BlackElo "2420"]

1.e4 c5 2.Nf3 e6 3.d4 cxd4 4.Nxd4 Nc6 5.Nc3 a6 6.Be2 Qc7 7.O-O Nf6 8.Nxc6 bxc6
9.Bd3 d5 10.Bg5 Be7 11.Qe2 Nxe4 12.Bxe7 Nxc3 13.Qg4 Kxe7 14.Qxg7 Bb7 15.bxc3 Rag8
16.Qh6 c5 17.Qh4+ f6 18.c4 h5 19.f3 Rg5 20.Rfe1 Rhg8 21.g3 d4 22.Be4 Bc6
23.Rab1 Re5 24.Bxc6 Rxe1+ 25.Rxe1 Qxc6 26.Qxh5 Rg7 27.Rb1 Kd6 28.Rb3 Rb7
29.Kf2 Rb4 30.Rxb4 cxb4 31.c5+ Ke7 32.Qh7+ Kf8 33.Qa7 Qa4 34.Qa8+ Ke7 35.Qb7+ Ke8
36.Qe4 Qxa2 37.h4 Qc4  1/2-1/2

[Event "29th Mem Nezhmetdinov"]
[Site "Kazan RUS"]
[Date "2007.06.09"]
[Round "9"]
[White "Zlachevskiy,L"]
[Black "Homiakova,Ek"]
[Result "1/2-1/2"]
[WhiteElo "2157"]
[BlackElo "2059"]

1.e4 c5 2.Nc3 e6 3.Nf3 Nc6 4.d4 cxd4 5.Nxd4 Nf6 6.Ndb5 Bb4 7.a3 Bxc3+ 8.Nxc3 d5
9.exd5 exd5 10.Bd3 d4 11.Ne4 Bf5 12.O-O O-O 13.Bg5 Bxe4 14.Bxe4 Qd6 15.Bxf6 Qxf6
16.Qf3 Qd6 17.Rad1 Rad8 18.Rd2 Ne5 19.Qh3 g6 20.Bd3 Qb6 21.Rb1 Rfe8 22.Qg3 Re7
23.h3 Rde8 24.Kh2 Nc6 25.b4 a5 26.b5 Ne5 27.Bf1 Rd8 28.Rbd1 Qc5 29.a4 Nc4
30.Bxc4 Qxc4 31.Qb3 Qxb3 32.cxb3 Red7 33.Kg3 Kf8 34.Kf3 f5 35.b4 axb4 36.Rb2 d3
37.Rxb4 Rd4 38.Rxd4 Rxd4 39.Ke3 Rxa4 40.Rc1 Rb4 41.Rc7 Rxb5 42.Rxh7 Rd5 43.Kd2 b6
44.Rb7 Rd6 45.h4 Ke8 46.f3 Kd8 47.g4 fxg4 48.fxg4 Kc8 49.Rg7 b5 50.h5 gxh5
51.gxh5 Rh6  1/2-1/2